Регионална библиотека "Любен Каравелов" - Русе

Пътеводител в света на приказките (Запис номер 467156)

MARC детайли
000 -Лидер
Контролно поле с фиксирана дължина 01438nam a2200313 c 4500
003 - Код на организацията, давaща контролен номер
Контролно поле BLK
005 - Дата и час на последна редакция
Контролно поле 20230725102424.0
008 - Елементи от данни с фиксирана дължина
fixed length control field 180411b bul|||||r ||||||| ||bul||
020 ## - Международен стандартен номер на книга ISBN
Международен стандартен номер на книга ISBN 9786197586596
040 ## - Източник на каталожния запис
Идентификатор на билиотеката - собственик на записа BLK
041 ## - Код за език
Код за езика на текст/звукозапис или на отделно заглавие Български
Код за езика КДБФ Български
080 ## - УДК
Текстов определител УДК Методи и процедури на обучение. Форми на преподаване и обучение
УДК код - определител по УДК 37.091.3
УДК - код + определител 37.091.3:821-93(076)
100 1# - Редна дума - Автор
Автор Миронова, Любов Георгиева
Авторска отговорност първи автор
R(LIN) 382260
139 ## - Редно поле
Редна дума Миронова, Любов Георгиева
Авторски знак Мир - М 68
245 10 - Сведения за заглавието
Заглавие Пътеводител в света на приказките
Подзаглавни данни Как да подберем и поднесем приказка на деца от 0 до 12
Редно поле (дума) Любов Георгиева Миронова.
257 ## - Страна на издаване
Страна на създаване/издаване България
260 ## - Област на издателските данни
Име на издателя, разпространителя и проч. Асеневци
Година на издаване 2022
9 (RLIN) 213613
Място на издаване, разпространение и проч. София
Издателство - префикс ISBN 978-619-7356- ; 978-954-8898- ; 954-91670-
300 ## - Физическа характеристика
Страници 244 с.
Размери/Мащаб 23 см
380 ## - Жанр
Жанр Обществени науки
500 ## - Общи забележки
Забележка Рец.: Емилия Василева, Яна Рашева-Мерджанова.
650 #0 - Допълнително описание по предмет – тема
Основно описание – тема или топоним Възпитание на деца в предучилищна възраст
9 (RLIN) 318967
650 #0 - Допълнително описание по предмет – тема
Основно описание – тема или топоним Приказки - възпитателно значение
9 (RLIN) 271923
653 #0 - Ключова дума – ненормативна
Ключова дума детски приказки
9 (RLIN) 391160
852 ## - Местоположение
Фондова буква Заемна - подръчен фонд
Систематично-азбучна сигнатура 37/М 68 Л
856 4# - Електронен адрес и достъп
Електронен формат pdf - файл
856 4# - Електронен адрес и достъп
Електронен формат pdf - файл
999 ## - СИСТЕМНИ КОНТРОЛНИ НОМЕРА
Koha biblionumber 467156
Koha biblioitemnumber 467156
942 ## - АРТИКУЛИ
Вид на библиотечния материал Книги
Скрит в OPAC Не
Периодичен библиозапис Да
Koha issues (borrowed), all copies 6
944 ## - СЪЗДАВАНЕ И РЕДАКЦИЯ на ЗАПИСА
Създаване/Редакция Създаване
Дата на регистрацията/редакция 2022-07-19
Служител, извършил регистрацията/редакцията 30542
Статус, дата на статуса Русанова Ирена
Наличности
Код за отписване Код за изгубен артикул Източник на класификационната схема Код за повреда Коз за рестрикции Код за отдаване Артикулен № Име на библиотеката - собственик Име на библиотеката, в която се намира в момента Статус (Текущо местоположение) Дата на вписване в системата Местоположение - отдел Цена в лева Систематично азбучна сигнатура Баркод Цена в евро Служебен тип на артикула
  Не е изгубен Universal Decimal Classification Не е повреден без рестрикции заемане за дома 895925 Регионална библиотека "Любен Каравелов" Русе Регионална библиотека "Любен Каравелов" Русе Заемна - подръчен фонд 2022-07-19 Заемна - подръчен фонд 18.00 37.091.3/М 68 Л 120000873388 9.20 Книги
Vip Innovations Ltd, Rousse, Bulgaria 2025